Statystyki dla Quiz o Regionach

Kliknij tutaj aby rozwiązać quiz!

Ogólne statystyki

  • Ten quiz został rozwiązany 201 razy
  • Średni wynik to 8 z 15

Statystyki odpowiedzi

ZagadnienieOdpowiedź% Poprawnych
SyberiaRosja
97%
MazowszePolska
96%
QuebecKanada
83%
KorsykaFrancja
73%
BaliIndonezja
71%
PatagoniaChile
67%
KaszmirPakistan
61%
ZakarpacieUkraina
57%
Plumridge LakesAustralia
41%
BarreirasBrazylia
40%
KoperSłowenia
38%
TombouctouMali
35%
SiomaZambia
29%
LandeckAustria
28%
BoiseStany Zjednoczone
17%

Rozkład punktacji

Percentyl według liczby udzielonych odpowiedzi

Procent ludzi z każdym wynikiem

Twoja historia wyników

Nie rozwiązałeś tego quizu